Sports Quiz

Random Sports or World Quiz

FIFA World Cup 2010 Coaches Quiz Stats

 Plays Quiz not verified by Sporcle

Challenge
Share
Tweet
Embed
Score 0/32 Timer 10:00
0 Plays Today
Team Coach % Correct
ArgentinaDiego Maradona
83.3%
EnglandFabio Capello
79.2%
BrazilDunga
77.8%
FranceRaymond Domenech
76.4%
GermanyJoachim Löw
76.4%
ItalyMarcello Lippi
75%
USABob Bradley
68.1%
SpainVicente del Bosque
63.9%
GreeceOtto Rehhagel
55.6%
NetherlandsBert van Marwijk
55.6%
Ivory CoastSven Göran Eriksson
51.4%
South AfricaCarlos Alberto Parreira
48.6%
PortugalCarlos Queiroz
48.6%
NigeriaLars Lagerbäck
47.2%
DenmarkMorten Olsen
43.1%
MexicoJavier Aguirre
37.5%
Team Coach % Correct
UruguayOscar Tabarez
36.1%
ChileMarcelo Bielsa
33.3%
North KoreaKim Jong Hun
31.9%
SwitzerlandOttmar Hitzfeld
29.2%
AustraliaPim Verbeek
27.8%
SlovakiaVladimir Weiss
26.4%
CameroonPaul Le Guen
22.2%
SerbiaRadomir Antic
20.8%
SloveniaMatjaz Kek
18.1%
GhanaMilovan Rajevac
18.1%
ParaguayGerardo Martino
16.7%
AlgeriaRabah Saadane
15.3%
JapanTakeshi Okada
15.3%
South KoreaHuh Jung Moo
12.5%
New ZealandRicki Herbert
11.1%
HondurasReinaldo Rueda
11.1%

You're not logged in!

Compare scores with friends on all Sporcle quizzes.
OR
Log In

You Might Also Like...

Show Comments

Extras

Top Quizzes Today


Score Distribution

Your Account Isn't Verified!

In order to create a playlist on Sporcle, you need to verify the email address you used during registration. Go to your Sporcle Settings to finish the process.

Report this User

Report this user for behavior that violates our Community Guidelines.

Details: